Veda and Vedic literature / (Record no. 165022)

MARC details
000 -LEADER
fixed length control field 00527nam a22001697a 4500
005 - DATE AND TIME OF LATEST TRANSACTION
control field 20190603130736.0
010 ## - LCCN (DPL NO)
LC control number ENG-125368
020 ## - INTERNATIONAL STANDARD BOOK NUMBER
International Standard Book Number 9788193231944
Terms of availability 1295.00
035 ## - SYSTEM CONTROL NUMBER
System control number EN-108900
037 ## - SOURCE OF ACQUISITION
Source of stock number/acquisition DBAD/PUB
082 ## - DEWEY DECIMAL CLASSIFICATION NUMBER
Classification number 220.21
245 ## - TITLE STATEMENT
Title Veda and Vedic literature /
Statement of responsibility, etc ed.by Hans Henrich Hock
260 ## - PUBLICATION, DISTRIBUTION, ETC. (IMPRINT)
Place of publication, distribution, etc New Delhi
Name of publisher, distributor, etc DK Publishers
Date of publication, distribution, etc 2016
270 ## - ADDRESS
Address 4224/1, Ansari Road, Daryaganj
City New Delhi
Postal code 110002
Telephone number 011-41562573
Electronic mail address info@dkpd.com
300 ## - PHYSICAL DESCRIPTION
Extent 224p.
Dimensions 24cm(Hb)
942 ## - ADDED ENTRY ELEMENTS (KOHA)
Source of classification or shelving scheme Dewey Decimal Classification
Item type English Books
Call number suffix VED
Classification part 220.21
Holdings
Withdrawn status Lost status Not for loan Collection code Home library Current library Date acquired Source of acquisition Cost, normal purchase price Full call number Barcode Copy number Cost, replacement price Koha item type
      Non-fiction Central Library Central Library 03/06/2019 DBAD/PUB 1295.00 220.21 VED EN-108900 1 1295.00 English Books

© Delhi Public Library
Hit Counter
free hit counter